00959nam a2200229 a 450000500170000000800410001704000250005804100080008304400070009108200210009811001060011924501610022526000710038630000480045765000110050565000110051665000320052766200410055970000350060070000530063571000410068820191224041627.0140304b2000 ck o gr|||| 00| 0 spa d aCO-BoIAVHcCO-BoIAVH0 aspa ack04a561.928613bR28h1 aMedellín. Antioquia, Colombia. bArea Metropolitana del Valle de AburrábSubdirección Ambiental1 aHongos y musgos del Valle de AburrácDirector: Oscar Suarez Mira; Proyecto y dirección: Rómulo Agudelo Ruíz; Editor: Juan Guillermo Ramírez Arango aMedellín :bÁrea Metropolitana del Valle del Aburrá ,c2000. a153 páginas :bFotgrafías ;c24 x 17 cm06aHongos06aMusgos06aInventariosxHongosxMusgos aColombiacValle de AburrabAntioquia1 aSuaréz Mira, OscareDirector1 aAgudelo Ruíz, RómuloeProyecto y dirección1 aRamírez A., Juan GuillermoeEditor